|
|
|
|
| LEADER |
00930nam a2200241 a 4500 |
| 001 |
1017800 |
| 008 |
091123r19951983ii b 001 0 eng d |
| 010 |
|
|
|a 87905325
|
| 020 |
|
|
|a 8170230586
|
| 020 |
|
|
|a 8185076448
|
| 082 |
0 |
0 |
|a 307.1/412/095484
|2 20
|
| 100 |
1 |
|
|a Chand, Mahesh.
|
| 245 |
1 |
0 |
|a Regional planning in India /
|c Mahesh Chand and inay Kumar Puri.
|
| 260 |
|
|
|a New Delhi, :
|b Allied Publishers,
|c 1983 [Reprinted 1995]
|
| 300 |
|
|
|a xiii, 541 p. ;
|c 24 cm.
|
| 504 |
|
|
|a Includes bibliographical references and index.
|
| 541 |
1 |
|
|e 00011143
|
| 650 |
|
0 |
|a Rural development
|z India
|z Konaseema
|x Planning.
|
| 650 |
|
0 |
|a Agriculture
|x Economic aspects
|z India
|z Konaseema.
|
| 710 |
1 |
|
|a Puri,Kumar
|
| 852 |
4 |
|
|a Ayesha Abed Library
|j General Shelf
|
| 999 |
|
|
|c 7594
|d 7594
|
| 952 |
|
|
|0 0
|1 0
|2 ddc
|4 0
|6 307_141209548400000_CHA_1995
|7 0
|9 8275
|a BRACUL
|b BRACUL
|c GEN
|d 2010-02-17
|l 0
|o 307.1412095484 CHA
|p 3010011143
|r 2010-02-17
|t 1
|w 2010-02-17
|y BK
|